zpět

Detail výsledku týmu

Pivovarský Dvůr ST, Liberec

Datum a čas kvízu

22.5 Celkem bodů Celkový počet nahraných bodů na tomto kvízu bez doplňovacích otázek.
6. Pořadí na kvízu Konečné umístění týmu na tomto kvízu.

Zaznamenané odpovědi

# Otázka Odpověď Body Výsledky
1. Danuše Nerudová přijala nabídk... STAN 1
2. Berlínští policisté museli min... o mývaly 0
3. Který oblíbený zahraniční here... Robert De Niro 1
4. Tisíce lidí se v úterý shromáž... v Irsku 0
5. Bývalý pilot Formule 1 podal m... Felipe Massa 0
6. Léto je v plném proudu a my vá... v Brně 1
7. Festival Hrady CZ objíždí již... D 0
8. Již od roku 1946 patří k létu... Mariánské Lázně 1
9. K létu neodmyslitelně patří ko... Pastviny (Pastvinská přehrada) 0
10. Přiřaďte následující oblíbené... 1A 2C 3D 4B 1